ბათუმის შოთა რუსთაველის სახელმწიფო უნივერსიტეტის ბიბლიოთეკა

Steel design / (ბიბ.ჩანაწერი № 58747)

000 -LEADER
fixed length control field 00913nam a22003015i 4500
001 - CONTROL NUMBER
control field 19472631
005 - DATE AND TIME OF LATEST TRANSACTION
control field 20220714103414.0
008 - FIXED-LENGTH DATA ELEMENTS--GENERAL INFORMATION
fixed length control field 170130s2017 ohu 000 0 eng
010 ## - LIBRARY OF CONGRESS CONTROL NUMBER
LC control number 2017932525
020 ## - INTERNATIONAL STANDARD BOOK NUMBER
International Standard Book Number 9789386650887
040 ## - CATALOGING SOURCE
Original cataloging agency DLC
Language of cataloging eng
Description conventions rda
Transcribing agency DLC
042 ## - AUTHENTICATION CODE
Authentication code pcc
100 1# - MAIN ENTRY--PERSONAL NAME
Personal name Segui, William T.
9 (RLIN) 14385
245 10 - TITLE STATEMENT
Title Steel design /
Statement of responsibility, etc. William T. Segui.
250 ## - EDITION STATEMENT
Edition statement 6th edition.
263 ## - PROJECTED PUBLICATION DATE
Projected publication date 1705
264 #1 - PRODUCTION, PUBLICATION, DISTRIBUTION, MANUFACTURE, AND COPYRIGHT NOTICE
Place of production, publication, distribution, manufacture Mason, OH :
Name of producer, publisher, distributor, manufacturer Cengage Learning,
Date of production, publication, distribution, manufacture, or copyright notice 2017.
300 ## - PHYSICAL DESCRIPTION
Extent 747.: pages
Other physical details 28 cm.
336 ## - CONTENT TYPE
Content type term text
Content type code txt
Source rdacontent
337 ## - MEDIA TYPE
Media type term unmediated
Media type code n
Source rdamedia
338 ## - CARRIER TYPE
Carrier type term volume
Carrier type code nc
Source rdacarrier
653 ## - INDEX TERM--UNCONTROLLED
keyword Steel design
653 ## - INDEX TERM--UNCONTROLLED
keyword ფოლადის დიზაინი
653 ## - INDEX TERM--UNCONTROLLED
keyword სამშენებლო, რკინა და ფოლადი
906 ## - LOCAL DATA ELEMENT F, LDF (RLIN)
a 0
b ibc
c orignew
d 2
e epcn
f 20
g y-gencatlg
942 ## - ADDED ENTRY ELEMENTS (KOHA)
Source of classification or shelving scheme
Koha item type წიგნი
ეგზემპლარები
Withdrawn status Lost status Source of classification or shelving scheme Damaged status Not for loan Permanent Location Current Location Shelving location Date acquired Cost, normal purchase price Full call number Barcode Date last seen Copy number Price effective from Koha item type Public note
          ბათუმის შოთა რუსთაველის სახელმწიფო უნივერსიტეტის მთავარი ბიბლიოთეკა ბათუმის შოთა რუსთაველის სახელმწიფო უნივერსიტეტის მთავარი ბიბლიოთეკა წიგნსაცავი 2022-07-13 147.00 624+669 S-43 62982 2022-07-13 62982 2022-07-13 წიგნი 147gel.